000 01200nam0a22003011 4500
001 v19\rc\1682619
005 20061002150552.1
035 _a(NLR Aleph) 004788149
090 _a4700462
_c4700462
100 _a20061002d1895 |||y0rusy50 ca
101 0 _arus
102 _aRU
105 _ay z |||||
200 1 _aИз дневника поездки от г. Петропавловска (на Камчатке) в селение Апачу
_f[Соч.] Петропавл. окр. врача г. Тюшева
210 _a[Хабаровск
_d1895]
215 _a18 с.
_d35
309 _aБез тит. л. и обл.
311 _aПрил. к № 98 "Приамур. вед." за 1895 г.
422 0 _12001#$aПриамурские ведомости$v1895, № 98
532 1 2 _aИз дневника поездки от города Петропавловска на Камчатке в селение Апачу
700 1 _aТюшов
_bВ. Н.
_f1866-
_gВладимир Николаевич
801 0 _aRU
_bNLR
_gpsbo
801 0 _aRU
_bRuMoRGB
_2psbo
801 1 _aRU
_bProSoft-M
_2rusmarc
852 _aNLR
_j18.181.1.757
852 _aNLR
_j134/1024
942 _cBOOK
980 _aNB